| 000 | 00791 a2200241 4500 | ||
|---|---|---|---|
| 005 | 20250617135618.0 | ||
| 020 | _a9783701104864(soft paperbag) | ||
| 020 | _a9783701105786 (hard paperbag) | ||
| 050 |
_aNA 2728 _bDRE 2019 |
||
| 100 |
_aDrebenstedt,Carsten _eauthor |
||
| 245 |
_aMixed Reality Handbooks for Mining Engineers Volume 1 / _cCarsten Drebenstedt,Susanne Feiel and Peter Moser |
||
| 250 | _avolume 1 | ||
| 264 |
_aAustralia: _bMRE bOOKS, _c2019 |
||
| 300 |
_a234 pages _billustrations |
||
| 336 |
_2rdacontent _atext _btxt |
||
| 337 |
_2rdamedia _aunmediated _bn |
||
| 338 |
_2rdacarrier _avolume _bnc |
||
| 500 | _aincludes index | ||
| 650 | _aMining Engineers | ||
| 700 |
_aFeiel,Susanne _eauthor |
||
| 700 |
_aMoser,Peter _eauthor |
||
| 942 |
_2lcc _cBK _evolume 1 _h2728 _iDRE _kNA |
||
| 999 |
_c11579 _d11579 |
||